Moxos : una limnocultura : cultura y medio natural en la Amazonia boliviana / coordinación: Inés Romero y Elisenda Pastó ; autores: Josep Barba ... [et al.] una limnocultura :

ISBN: 84-607-8413-4
Publicat: Barcelona : Centre d'Esutdis Amazònics (CEAM) , 2003
Descripció física: 212 p. : gràf. ; 28 cm

MARC

LEADER 00000nam a2200000Ia 4500
001 21387
003 BGR
005 20260324180032.0
008 160829s2003 xx 000 0 cat d
020 |a 84-607-8413-4 
080 |a C-3-193 
245 |a Moxos :  |b  una limnocultura :  |b  cultura y medio natural en la Amazonia boliviana / coordinación:  |b  Inés Romero y Elisenda Pastó ; autores:  |b  Josep Barba ... [et al.] 
260 |a Barcelona :  |b Centre d'Esutdis Amazònics (CEAM),  |c 2003 
300 |a 212 p. :  |b  gràf. ;  |c 28 cm 
590 |a Bibliografia.  
590 |a Amb el suport de: Ajuntament de Barcelona. Comissió Barcelona Solidària, Generalitat de Catalunya. Secretaria de Relacions Exteriors i la Diputació de Barcelona 
650 |a Limnologia  |x Moxos  |x Bolívia (Província)   |9 44423 
650 |a Amazònia   |9 44424 
650 |a Piscicultura  |x Moxos  |x Bolívia (Província) I  |9 44425 
650 |a Ictiologia  |x Moxos  |x Bolívia (Província)   |9 44426 
650 |a Hidroponia  |x Moxos  |x Bolívia (Província)  |9 44427 
700 |a Romero, María Inés, coord.   |9 44429 
700 |a Pastó, Elisenda, coord. I  |9 44430 
700 |a Barba, Josep   |9 44431 
710 1 |a Barcelona (Catalunya : Província).  |b Diputació  |9 52408 
710 2 |a Centre d'Estudis Amazònics   |9 70643 
710 1 |a Barcelona (Catalunya).  |b Ajuntament  |9 50981 
710 1 |a Catalunya.  |b Generalitat  |9 12125 
901 |a Arxiu 
942 |n 1  |2 udc  |c MON 
952 |0 0  |1 0  |4 0  |6 C3193  |7 1  |9 51941  |a Arxiu  |b Arxiu  |d 2016-12-01  |l 0  |o C-3-193  |p 21387  |r 2016-12-01 00:00:00  |w 2016-12-01  |y ARXIU 
999 |c 55788  |d 55788